| 000 | 00643nam a2200205 i 4500 | ||
|---|---|---|---|
| 001 | 159876 | ||
| 003 | ES-MaACL | ||
| 005 | 20230906211842.0 | ||
| 008 | 170912s1973 sp |||| | spa d | ||
| 020 | _a84-7232-199-1 | ||
| 080 | _a821.134.2-14"19" | ||
| 100 | 1 |
_aGallardo, José Carlos. _953484 |
|
| 245 | 1 | 0 |
_aAparición de la alianza / _cJosé Carlos Gallardo. |
| 260 |
_aMadrid : _bCultura Hispánica, _c1973. |
||
| 300 |
_a69 p. ; _c20 cm. |
||
| 490 | 1 |
_aColección poética "Leopoldo Panero" ; _v21 |
|
| 830 | 1 |
_aColección poética "Leopoldo Panero" ; _v21 _9182594 |
|
| 852 |
_aES-MaACL _jP-2 Nº 21 |
||
| 999 |
_c159876 _d159876 |
||